000
00335nam a22001457a 4500
020
_a
978-81-7409-047-9
041
_a
ENG
100
_a
Garg.S.K
245
_a
Irrigation Engineering And Hydraulic Structures
250
_a
35 th Edition
260
_a
Delhi
_b
Khanna Publishers
_c
2019
300
_a
1132
650
_a
IDE
856
_u
IDE
999
_c
71
_d
71